Webster's New World college dictionary (Registro nro. 2772)

Detalles MARC
000 -CABECERA
Campo de control 00564nam a2200205 a 4500
005 - FECHA Y HORA DE LA ULTIMA TRANSACCION
Campo de control 20180803165035.0
008 - ELEMENTOS DE LONGITUD FIJA—INFORMACION GENERAL
Campo de control 150806b xxu||||| |||| 00| 0 spa d
040 ## - FUENTE DE CATALOGACIÓN
Agencia catalogadora original CO-BoIAVH
Agencia transcriptora CO-BoIAVH
041 ## - IDIOMA
Código de idioma para texto/pista de sonido o título separado Inglés
090 ## - CLASIFICACIÓN LOCAL
Colección RE
Consecutivo 00022
100 ## - ASIENTO PRINCIPAL--NOMBRE PERSONAL
Nombre personal Neufeldt, Victoria
245 ## - MENCION DE TITULO
Título Webster's New World college dictionary
250 ## - MENCION DE EDICION
Mención de edición 3 ed.
260 ## - PUBLICACION, DISTRIBUCION, ETC. (PIE DE IMPRENTA)
Lugar de publicación, distribución, etc. New York
Nombre del editor, distribuidor, etc. Simon and Shuster, Inc.
Fecha de publicación, distribución, etc. 1995
300 ## - DESCRIPCION FISICA
Extensión 1574 p.
650 ## - ASIENTO SECUNDARIO DE MATERIA - TERMINO TEMATICO
Término temático o nombre geográfico como elemento de entrada Diccionarios
650 ## - ASIENTO SECUNDARIO DE MATERIA - TERMINO TEMATICO
Término temático o nombre geográfico como elemento de entrada Lengua inglesa
700 ## - ASIENTO SECUNDARIO - NOMBRE PERSONAL
Nombre personal Guralnik, David B.
942 ## - ELEMENTOS ADICIONALES (KOHA)
Tipo de ítem Libro
Sistema de clasificación Dewey Decimal Classification
Koha issues (borrowed), all copies 1
Existencias
Withdrawn status Lost status Sistema de Clasificación Damaged status No para préstamo Colección Inventariado Ubicación Permanente Ubicación actual Fecha de adquisición Fuente de Valor Valor Total Checkouts Número topográfico Inventario / Código de Barras Date last seen Date checked out Ejemplar Price effective from Forma de adquisición Tipo de material
    Dewey Decimal Classification     Referencia Inventariado 2017 Bogotá Bogotá 25/06/2002 Instituto 39000.00 1 RE-00022 005464 06/08/2015 06/08/2015 Ej.1 04/12/2012   Libro